00345 2200145 4500001002100000005001500021035002000036245003400056300001700090260002800107082000800135084001200143020001800155990002600173INLIS00000000000094120260408022425 a0010-0426000010 aI'm Not Stupid /cKhusnul Art a344 ;c19 cm aDepok :bMelvana,c2024 a813 a813 I'M a9786230967320 a2025/SMKMIRI/3119/001